Od januára 2016 by sa mohol zmeniť systém pokút udeľovaných správcom dane

Spolu so zmenu v oblasti dane z príjmu fyzickej a právnickej osoby sa pripravujú zmeny aj v zákone o správe daní – v daňovom poriadku a tiež v zákone o DPH. Nový systém pokút za nepriznanú daň.

Guardado en:
Detalles Bibliográficos
Autor principal: Kušnírová, Jana, 1977-
Formato: Capítulo de libro
Lenguaje:eslovaco
Materias:
Etiquetas: Agregar Etiqueta
Sin Etiquetas, Sea el primero en etiquetar este registro!

MARC

LEADER 00000nla a2200000 4500
001 0200576
005 20240502073407.0
041 0 |a slo 
044 |a SK 
245 1 0 |a Od januára 2016 by sa mohol zmeniť systém pokút udeľovaných správcom dane  |c Jana Kušnírová 
520 |a Spolu so zmenu v oblasti dane z príjmu fyzickej a právnickej osoby sa pripravujú zmeny aj v zákone o správe daní – v daňovom poriadku a tiež v zákone o DPH. Nový systém pokút za nepriznanú daň. 
610 2 0 |a dane 
610 2 0 |a povinnosť daňová 
610 2 0 |a daňovníci 
610 2 0 |a správa daňová 
610 2 0 |a politika daňová 
610 2 0 |a priznania daňové 
610 2 0 |a kontrola daňová 
610 2 0 |a pokuty 
100 1 |a Kušnírová, Jana, 1977-